| 000 | 01602nam a2200397 a 4500 | ||
|---|---|---|---|
| 001 | ebr10231586 | ||
| 003 | CaPaEBR | ||
| 006 | m u | ||
| 007 | cr cn||||||||| | ||
| 008 | 080131s2008 dcua sb 001 0 eng | ||
| 010 | _z 2008003717 | ||
| 020 | _z9780821374931 (pbk.) | ||
| 020 | _z0821374931 | ||
| 020 | _z9780821374948 (electronic) | ||
| 020 | _z082137494X (electronic) | ||
| 040 |
_aCaPaEBR _cCaPaEBR |
||
| 035 | _a(OCoLC)560665213 | ||
| 050 | 1 | 4 |
_aHD7105.4 _b.R57 2008eb |
| 082 | 0 | 4 |
_a331.25/20681 _222 |
| 245 | 0 | 0 |
_aRisk-based supervision of pension funds _h[electronic resource] : _bemerging practices and challenges / _cGreg Brunner, Richard Hinz, Roberto Rocha, editors. |
| 260 |
_aWashington D.C. : _bWorld Bank, _cc2008. |
||
| 300 |
_axviii, 215 p. : _bill. |
||
| 490 | 1 | _aDirections in development. Finance | |
| 504 | _aIncludes bibliographical references and index. | ||
| 533 |
_aElectronic reproduction. _bPalo Alto, Calif. : _cebrary, _d2013. _nAvailable via World Wide Web. _nAccess may be limited to ebrary affiliated libraries. |
||
| 650 | 0 |
_aPension trusts _vCross-cultural studies. |
|
| 650 | 0 |
_aPension trusts _xManagement _vCross-cultural studies. |
|
| 650 | 0 | _aRisk. | |
| 655 | 7 |
_aElectronic books. _2local |
|
| 700 | 1 | _aRocha, Roberto Rezende. | |
| 700 | 1 |
_aBrunner, Greg, _d1957- |
|
| 700 | 1 | _aHinz, Richard P. | |
| 710 | 2 | _aebrary, Inc. | |
| 830 | 0 |
_aDirections in development (Washington, D.C.). _pFinance. |
|
| 856 | 4 | 0 |
_uhttp://site.ebrary.com/lib/rucke/Doc?id=10231586 _zAn electronic book accessible through the World Wide Web; click to view |
| 999 |
_c40148 _d40148 |
||